Zhodnotenie súčasného stavu podnikateľského prostredia na Slovensku diplomová práca

Guardado en:
Detalles Bibliográficos
Autor principal: Bencuľáková, Mária
Autor Corporativo: Podnikovohospodárska fakulta EU so sídlom v Košiciach. Katedra ekonómie
Otros Autores: Meheš, Marek
Formato: Libro
Lenguaje:eslovaco
Publicado: Košice 2017
Etiquetas: Agregar Etiqueta
Sin Etiquetas, Sea el primero en etiquetar este registro!

MARC

LEADER 00000nbm a2200000 4500
001 0231555
005 20240827093423.8
041 0 |a slo 
044 |a SK 
245 1 0 |a Zhodnotenie súčasného stavu podnikateľského prostredia na Slovensku  |b diplomová práca  |c Mária Bencuľáková ; školiteľ: Marek Meheš 
264 1 |a Košice  |c 2017 
300 |a 65 s. 
100 1 |a Bencuľáková, Mária 
700 1 |a Meheš, Marek 
710 2 |a Podnikovohospodárska fakulta EU so sídlom v Košiciach. Katedra ekonómie